50 protagonistas de la economía Colombiana / (Registro nro. 4164)

Detalles MARC
000 -LEADER
fixed length control field 01412nam a2200289Ia 4500
003 - CONTROL NUMBER IDENTIFIER
control field OSt
005 - DATE AND TIME OF LATEST TRANSACTION
control field 20200930144145.0
008 - FIXED-LENGTH DATA ELEMENTS--GENERAL INFORMATION
fixed length control field 191128s2004 ck ao gr 000 0dspa d
020 ## - INTERNATIONAL STANDARD BOOK NUMBER
International Standard Book Number 9589029612
040 ## - CATALOGING SOURCE
Original cataloging agency CO-JMCR
Transcribing agency CO-JMCR
041 0# - LANGUAGE CODE
Language code of text/sound track or separate title spa
082 04 - DEWEY DECIMAL CLASSIFICATION NUMBER
Classification number 923.386 /
Item number S572c
Edition number 23
100 1# - MAIN ENTRY--PERSONAL NAME
Personal name Sierra Montoya, Jorge Emilio,
Relator term autor
9 (RLIN) 11034
245 10 - TITLE STATEMENT
Title 50 protagonistas de la economía Colombiana /
Statement of responsibility, etc. Jorge Emilio Sierra Montoya
246 00 - VARYING FORM OF TITLE
Title proper/short title Cincuenta protagonistas de la economía colombiana
260 ## - PUBLICATION, DISTRIBUTION, ETC.
Place of publication, distribution, etc. Bogotá :
Name of publisher, distributor, etc. Universidad de Bogotá Jorge Tadeo Lozano,
Date of publication, distribution, etc. 2004
300 ## - PHYSICAL DESCRIPTION
Extent 388 páginas :
Other physical details fotografías a blanco y negro ;
Dimensions 24 cm.
490 0# - SERIES STATEMENT
Series statement Estudios de economía
500 ## - GENERAL NOTE
General note Incluye datos biográficos del autor.
505 0# - FORMATTED CONTENTS NOTE
Formatted contents note Un grecolatino con el récord de ministerios -- Un "duro" del sindicato antioqueño -- El fundador de planeación -- De campesino sin tierra a director de Colsubsidio -- Un "azucemo", pionero de la industria caldense
520 3# - SUMMARY, ETC.
Summary, etc. Este libro, 50 protagonistas de la economía colombiana, se publica con motivo de la celebración de las primeras cinco décadas de la existencia del diario La República y de la Universidad de Bogotá Jorge Tadeo Lozano.
546 ## - LANGUAGE NOTE
Language note }
650 14 - SUBJECT ADDED ENTRY--TOPICAL TERM
Topical term or geographic name entry element Economistas colombianos
9 (RLIN) 4710
650 14 - SUBJECT ADDED ENTRY--TOPICAL TERM
Topical term or geographic name entry element Biografías
General subdivision historia económica
9 (RLIN) 11035
651 #4 - SUBJECT ADDED ENTRY--GEOGRAPHIC NAME
Geographic name Colombia
General subdivision política económica
Chronological subdivision Siglo XX
9 (RLIN) 11036
942 ## - ADDED ENTRY ELEMENTS (KOHA)
Source of classification or shelving scheme Dewey Decimal Classification
Koha item type Books
Existencias
Withdrawn status Lost status Source of classification or shelving scheme Materials specified (bound volume or other part) Damaged status Not for loan Collection code Home library Current library Date acquired Source of acquisition Full call number Barcode Date last seen Copy number Koha item type Public note Total Checkouts Date last checked out Price effective from
    Dewey Decimal Classification Donación--12/07/2018--     Non-fiction Biblioteca Pública José María del Castillo y Rada Biblioteca Pública José María del Castillo y Rada 07/12/2018 Donación 923.386 / S572c 201808986 05/16/2024 Ej.1 Books Exlibris : sello red de bibliotecas públicas de cundinamarca      
    Dewey Decimal Classification Donación--12/07/2018--     Non-fiction Biblioteca Pública José María del Castillo y Rada Biblioteca Pública José María del Castillo y Rada 07/12/2018 Donación 923.386 / S572c 430002723 12/12/2024 Ej.2 Books   1 12/12/2024 09/30/2020
    Dewey Decimal Classification       Non-fiction Biblioteca Pública José María del Castillo y Rada Biblioteca Pública José María del Castillo y Rada 07/12/2018 Donación 923.386 / S572c 430000176 05/16/2024 Ej.3 Books   2 06/22/2023 01/07/2021